000 00308nam a22001337a 4500
020 _a81-304-0522-9
082 _a425
_bBAN/G
100 _aBANSAL,SAMEER
245 _aGENERAL ERRORS IN ENGLISH
260 _aDELHI
_bTINY TOT PUBLICATIONS
300 _a160
650 _aERRORS IN ENGLISH
_zDELHI
942 _cBK
999 _c4108
_d4108